[Event "7. Torneo de Promoción de Almansa 2012"]
[Site "Almansa ESP"]
[Date "2012.08.11"]
[Round "8.9"]
[White "Diez Fraile, David"]
[Black "Varga, Mariano"]
[Result "1/2-1/2"]
[WhiteElo "2202"]
[BlackElo "2103"]
[PlyCount "81"]
[EventDate "2012.08.07"]
[EventType "swiss"]
[EventRounds "9"]
[EventCountry "ESP"]
[Source "lmi"]
[SourceDate "2012.08.07"]

1. d4 Nf6 2. Nf3 e6 3. c4 b6 4. g3 Ba6 5. b3 Bb4+ 6. Bd2 Be7 7. Bg2 Bb7 8. O-O
c5 9. d5 exd5 10. Nh4 Ne4 11. Nf5 O-O 12. cxd5 Nxd2 13. Nxe7+ Qxe7 14. Nxd2 d6
15. e4 Ba6 16. Re1 Nd7 17. e5 dxe5 18. d6 Qxd6 19. Bxa8 Rxa8 20. Nc4 Qe6 21.
Qf3 Rb8 22. Rad1 Bb7 23. Qd3 Qc6 24. f3 f6 25. Qxd7 Qxf3 26. Qd8+ Rxd8 27.
Rxd8+ Kf7 28. Nxe5+ fxe5 29. Rf1 Ke7 30. Rxf3 Bxf3 31. Rc8 Kd6 32. Kf2 Bd5 33.
Ke3 a5 34. Rd8+ Kc6 35. Kd2 a4 36. Kc3 h5 37. Re8 Kd6 38. Rd8+ Kc6 39. Re8 Kd6
40. Rd8+ Kc6 41. Re8 1/2-1/2

[Event "7. Torneo de Promoción de Almansa 2012"]
[Site "Almansa ESP"]
[Date "2012.08.11"]
[Round "8.10"]
[White "Navarrete Espi, Samuel"]
[Black "Piriz Fernandez, Daniel"]
[Result "0-1"]
[WhiteElo "2176"]
[BlackElo "1971"]
[PlyCount "124"]
[EventDate "2012.08.07"]
[EventType "swiss"]
[EventRounds "9"]
[EventCountry "ESP"]
[Source "lmi"]
[SourceDate "2012.08.07"]

1. e4 e6 2. d4 d5 3. Nc3 Bb4 4. e5 c5 5. a3 Bxc3+ 6. bxc3 Qa5 7. Bd2 Qa4 8. Qg4
g6 9. Qf4 Nc6 10. dxc5 Qxc2 11. Nf3 h6 12. Bb5 Bd7 13. Nd4 Nxd4 14. Bxd7+ Kxd7
15. Qxd4 Ne7 16. O-O Nc6 17. Qf4 Raf8 18. Rab1 g5 19. Qf6 Kc8 20. Be3 Qxc3 21.
Rfc1 Qxe5 22. Qxe5 Nxe5 23. Bd4 f6 24. Bxe5 fxe5 25. a4 Rh7 26. c6 Kb8 27. a5
Rc8 28. Rb4 Rhc7 29. Rcb1 Rxc6 30. Rxb7+ Ka8 31. Kf1 Rc1+ 32. Ke2 Rxb1 33. Rxb1
Rc2+ 34. Kf3 Ra2 35. Rb4 Rxa5 36. h4 Rc5 37. hxg5 hxg5 38. Rg4 Rc3+ 39. Ke2 a5
40. Rxg5 e4 41. Rh5 a4 42. Rh8+ Kb7 43. g4 Kc6 44. g5 Kd6 45. Rh7 Rc8 46. Ra7
Rg8 47. Rxa4 Rxg5 48. Ra3 Rg8 49. Kd2 Rb8 50. Ra2 Rb3 51. Ra4 Ke5 52. Ra5 Rb2+
53. Ke3 Rc2 54. Rb5 Ra2 55. Rc5 Ra3+ 56. Ke2 Kd4 57. Rc6 e3 58. f4 e5 59. f5 e4
60. f6 Ra2+ 61. Kd1 Kd3 62. Rc1 Rh2 0-1

[Event "7. Torneo de Promoción de Almansa 2012"]
[Site "Almansa ESP"]
[Date "2012.08.11"]
[Round "8.11"]
[White "Mingarro Carceller, Sergi"]
[Black "Sabater Sanchez, Asensio"]
[Result "1/2-1/2"]
[WhiteElo "2158"]
[BlackElo "2170"]
[PlyCount "51"]
[EventDate "2012.08.07"]
[EventType "swiss"]
[EventRounds "9"]
[EventCountry "ESP"]
[Source "lmi"]
[SourceDate "2012.08.07"]

1. d4 Nf6 2. c4 e6 3. g3 Bb4+ 4. Bd2 Qe7 5. Bg2 Nc6 6. Nf3 Bxd2+ 7. Nbxd2 d6 8.
O-O O-O 9. e4 e5 10. d5 Nb8 11. b4 a5 12. a3 Na6 13. Rb1 c6 14. Ne1 cxd5 15.
cxd5 axb4 16. axb4 Bd7 17. Nd3 Bb5 18. Qb3 Rfc8 19. Rfc1 Bxd3 20. Rxc8+ Rxc8
21. Qxd3 Qd7 22. Nc4 Qc7 23. Bf1 Nd7 24. Ne3 g6 25. Qa3 Nab8 26. Qd3 1/2-1/2

[Event "7. Torneo de Promoción de Almansa 2012"]
[Site "Almansa ESP"]
[Date "2012.08.11"]
[Round "8.12"]
[White "Leon Varela, Luis"]
[Black "Diaz Rodriguez, Jose Antonio"]
[Result "1/2-1/2"]
[WhiteElo "2165"]
[BlackElo "2087"]
[PlyCount "73"]
[EventDate "2012.08.07"]
[EventType "swiss"]
[EventRounds "9"]
[EventCountry "ESP"]
[Source "lmi"]
[SourceDate "2012.08.07"]

1. d4 Nf6 2. c4 d6 3. Nc3 Nbd7 4. Nf3 e5 5. Bg5 Be7 6. e3 c6 7. Be2 O-O 8. O-O
Ng4 9. Bxe7 Qxe7 10. h3 Nh6 11. c5 dxc5 12. d5 e4 13. Nd2 Nf6 14. dxc6 bxc6 15.
Qc2 Re8 16. Na4 Nd5 17. Nxc5 Bf5 18. Rac1 Rad8 19. Rfd1 Rd6 20. Ndxe4 Bxe4 21.
Qxe4 Qxe4 22. Nxe4 Rxe4 23. Bf3 f5 24. Bxe4 fxe4 25. Rd4 Re6 26. Rcc4 Nf6 27.
Rd8+ Kf7 28. Rc8 Nd5 29. R4xc6 Re7 30. Rd6 Nb6 31. Rc5 Ng8 32. b3 Nf6 33. a4
Ne8 34. Rf5+ Nf6 35. Rc5 Ne8 36. Rd8 Nc7 37. Rd6 1/2-1/2

[Event "7. Torneo de Promoción de Almansa 2012"]
[Site "Almansa ESP"]
[Date "2012.08.11"]
[Round "8.13"]
[White "Lara Granero, Bio"]
[Black "Sos Andreu, Eric"]
[Result "0-1"]
[WhiteElo "2045"]
[BlackElo "2165"]
[PlyCount "76"]
[EventDate "2012.08.07"]
[EventType "swiss"]
[EventRounds "9"]
[EventCountry "ESP"]
[Source "lmi"]
[SourceDate "2012.08.07"]

1. Nf3 Nf6 2. g3 g6 3. Bg2 Bg7 4. O-O O-O 5. d3 c5 6. Nbd2 Nc6 7. Re1 d6 8. a4
a6 9. Nc4 Rb8 10. c3 b5 11. axb5 axb5 12. Na3 b4 13. Nc2 bxc3 14. bxc3 Nd5 15.
d4 Nxc3 16. Qd3 Nd5 17. Bd2 Ndb4 18. Nxb4 Nxb4 19. Bxb4 Rxb4 20. Rab1 Rxb1 21.
Rxb1 Bf5 22. e4 Bg4 23. dxc5 dxc5 24. Qc2 Qd6 25. h3 Be6 26. Ng5 Bc8 27. f4
Bd4+ 28. Kh2 e5 29. f5 Qf6 30. Nf3 Rd8 31. g4 gxf5 32. exf5 Ba6 33. g5 Qe7 34.
Rb6 Bd3 35. Qa2 e4 36. g6 exf3 37. Bxf3 Qe5+ 38. Kh1 Qe1+ 0-1

[Event "7. Torneo de Promoción de Almansa 2012"]
[Site "Almansa ESP"]
[Date "2012.08.11"]
[Round "8.14"]
[White "Romero Berruezo, Francisco"]
[Black "Sacristan Latorre, Alberto"]
[Result "1-0"]
[WhiteElo "2154"]
[BlackElo "2011"]
[PlyCount "113"]
[EventDate "2012.08.07"]
[EventType "swiss"]
[EventRounds "9"]
[EventCountry "ESP"]
[Source "lmi"]
[SourceDate "2012.08.07"]

1. c4 e5 2. Nc3 Nc6 3. Nf3 Nge7 4. e3 f5 5. d4 e4 6. Ng5 d6 7. Nh3 g6 8. Nf4
Bg7 9. Rb1 a5 10. a3 Ng8 11. Nb5 Na7 12. Nc3 Nf6 13. h4 Bd7 14. h5 g5 15. h6
Bf8 16. Nfd5 c6 17. Nxf6+ Qxf6 18. b4 axb4 19. Rxb4 Rb8 20. Qb3 Qd8 21. Rxb7
Rxb7 22. Qxb7 Qa5 23. Qb4 Qc7 24. d5 Be7 25. Be2 O-O 26. Qb3 Bf6 27. O-O Rb8
28. Qc2 Qa5 29. dxc6 Bxc6 30. Nd5 Bxd5 31. cxd5 Rc8 32. Qb3 Qc7 33. Qa4 Be5 34.
g4 Qc2 35. Qxc2 Rxc2 36. Ba6 fxg4 37. Rd1 Ra2 38. Rd2 Ra1 39. Rc2 Rb1 40. Kg2
Nb5 41. Bc8 Kf7 42. Bf5 Nc3 43. Bxh7 Ne2 44. Rxe2 Rxc1 45. Ra2 Kf6 46. a4 g3
47. fxg3 Rc3 48. Kf2 Rc1 49. Bxe4 g4 50. h7 Rc8 51. a5 Kg7 52. a6 Ra8 53. a7
Bc3 54. Ra4 Rf8+ 55. Ke2 Ra8 56. Bf5 Bf6 57. Rxg4+ 1-0

[Event "7. Torneo de Promoción de Almansa 2012"]
[Site "Almansa ESP"]
[Date "2012.08.11"]
[Round "8.15"]
[White "Gil Quilez, Sonia"]
[Black "Barrios Munoz, Rafael Carlos"]
[Result "0-1"]
[WhiteElo "2013"]
[BlackElo "2166"]
[PlyCount "100"]
[EventDate "2012.08.07"]
[EventType "swiss"]
[EventRounds "9"]
[EventCountry "ESP"]
[Source "lmi"]
[SourceDate "2012.08.07"]

1. d4 Nf6 2. c4 e6 3. Nc3 Bb4 4. Qc2 c5 5. Nf3 cxd4 6. Nxd4 Nc6 7. Nxc6 bxc6 8.
a3 Be7 9. g3 O-O 10. Bg2 Ba6 11. Qa4 Qc8 12. O-O Rb8 13. Rb1 d5 14. cxd5 cxd5
15. Bf4 Rb6 16. Rfc1 Qd7 17. Qxd7 Nxd7 18. Be3 Rb7 19. Nxd5 exd5 20. Bxd5 Rb6
21. Rc7 Rd6 22. Bf3 Rd8 23. Rxa7 Ne5 24. Rxe7 Nxf3+ 25. Kg2 Nd4 26. Bxd4 Rxd4
27. b4 Kf8 28. Re3 Re8 29. Rbb3 Rde4 30. Rxe4 Rxe4 31. b5 Bb7 32. Kf1 Ke7 33.
Ke1 Kd6 34. Rd3+ Kc7 35. Kd2 Bc8 36. Rc3+ Kb7 37. Rf3 Ra4 38. Kc2 Be6 39. Kb2
Kb6 40. Rd3 Ra8 41. e4 Kxb5 42. f4 Rb8 43. f5 Bc4 44. Rc3 Kc5+ 45. Kc2 Re8 46.
Re3 Kd4 47. Rf3 Rxe4 48. h4 Re2+ 49. Kd1 Re3 50. Rf4+ Kc3 0-1

[Event "7. Torneo de Promoción de Almansa 2012"]
[Site "Almansa ESP"]
[Date "2012.08.12"]
[Round "9.1"]
[White "Villasenor Rubio, Emilio Jose"]
[Black "Martin Duque, Jesus"]
[Result "1/2-1/2"]
[WhiteElo "2176"]
[BlackElo "2245"]
[PlyCount "53"]
[EventDate "2012.08.07"]
[EventType "swiss"]
[EventRounds "9"]
[EventCountry "ESP"]
[Source "lmi"]
[SourceDate "2012.08.07"]

1. e4 e6 2. d4 d5 3. exd5 exd5 4. Nf3 Nc6 5. Bb5 Bd6 6. c4 dxc4 7. d5 a6 8. Ba4
b5 9. dxc6 bxa4 10. O-O Ne7 11. Nbd2 O-O 12. Nxc4 Nxc6 13. Nxd6 Qxd6 14. Qxd6
cxd6 15. Bf4 Bg4 16. Bxd6 Rfd8 17. Rfd1 Bxf3 18. gxf3 f6 19. Kg2 Kf7 20. Bf4 g5
21. Bc7 Rd4 22. Rxd4 Nxd4 23. Rd1 Nb5 24. Ba5 Ke6 25. Re1+ Kf7 26. Rd1 Ke6 27.
Re1+ 1/2-1/2

[Event "7. Torneo de Promoción de Almansa 2012"]
[Site "Almansa ESP"]
[Date "2012.08.12"]
[Round "9.2"]
[White "Rioboo De Larriva, Alvaro"]
[Black "Fernandez Barrera, Victor"]
[Result "1/2-1/2"]
[WhiteElo "2236"]
[BlackElo "2316"]
[PlyCount "74"]
[EventDate "2012.08.07"]
[EventType "swiss"]
[EventRounds "9"]
[EventCountry "ESP"]
[Source "lmi"]
[SourceDate "2012.08.07"]

1. e4 c5 2. c3 d5 3. exd5 Qxd5 4. d4 Nc6 5. Nf3 Bf5 6. dxc5 Qxd1+ 7. Kxd1 Nf6
8. Be3 O-O-O+ 9. Nbd2 Ng4 10. b4 e5 11. Bc4 f6 12. Ke2 g6 13. h3 Nxe3 14. fxe3
g5 15. e4 Bg6 16. h4 gxh4 17. Rxh4 Re8 18. Rah1 Nd8 19. Bb5 Re7 20. Nc4 Rg7 21.
Ne3 Ne6 22. Kf2 Be7 23. Nd5 Bd8 24. Ke3 Ng5 25. c6 bxc6 26. Bxc6 Nf7 27. c4 Nd6
28. Nd2 f5 29. exf5 Bxf5 30. Rh5 Rg4 31. Ke2 Rhg8 32. Ne3 R4g5 33. Nxf5 Nxf5
34. Rxg5 Bxg5 35. Rxh7 Ng3+ 36. Ke1 Rg6 37. b5 e4 1/2-1/2

[Event "7. Torneo de Promoción de Almansa 2012"]
[Site "Almansa ESP"]
[Date "2012.08.12"]
[Round "9.3"]
[White "Kovacevic, Slobodan"]
[Black "Vega Gomez, Francisco B"]
[Result "1-0"]
[WhiteElo "2300"]
[BlackElo "2225"]
[PlyCount "121"]
[EventDate "2012.08.07"]
[EventType "swiss"]
[EventRounds "9"]
[EventCountry "ESP"]
[Source "lmi"]
[SourceDate "2012.08.07"]

1. d4 Nf6 2. Nf3 e6 3. Bf4 c5 4. e3 Qb6 5. Qc1 Nc6 6. c3 Be7 7. h3 O-O 8. Bd3
d5 9. Nbd2 Bd7 10. O-O Rfc8 11. Qb1 g6 12. Bh2 a5 13. a4 Be8 14. Ra2 Bf8 15.
Qd1 Qd8 16. Qe2 Bg7 17. dxc5 Bf8 18. Nb3 Nd7 19. e4 Nxc5 20. Nxc5 Bxc5 21. exd5
exd5 22. Rd1 Bd7 23. Raa1 Be6 24. Bf4 Qf6 25. Bg5 Qg7 26. Bb5 h6 27. Be3 Be7
28. Qd2 Kh7 29. Nd4 Nxd4 30. Bxd4 Bf6 31. Qf4 Bxd4 32. Rxd4 g5 33. Qg3 f6 34.
Qd6 Bg8 35. Re1 Rc7 36. Rd2 Kh8 37. Rde2 Rf8 38. Re7 Rxe7 39. Rxe7 Rf7 40. Re8
g4 41. h4 g3 42. fxg3 d4 43. Bc4 dxc3 44. bxc3 Kh7 45. Bxf7 Bxf7 46. Re7 Kg8
47. Rxb7 h5 48. Kh2 f5 49. Qd8+ Kh7 50. Qd4 Qg6 51. Rb8 Bg8 52. Qe5 f4 53. Qxf4
Be6 54. Rb5 Qe8 55. Rb7+ Bd7 56. Qf5+ Kh6 57. Rb6+ Bc6 58. Qf6+ Kh7 59. Rxc6
Qf8 60. Rc7+ Kg8 61. Qg6+ 1-0

[Event "7. Torneo de Promoción de Almansa 2012"]
[Site "Almansa ESP"]
[Date "2012.08.12"]
[Round "9.4"]
[White "Jimenez Martinez, Jose Vicente"]
[Black "Diaz Velandia, Jose Manuel"]
[Result "1/2-1/2"]
[WhiteElo "2285"]
[BlackElo "2251"]
[PlyCount "63"]
[EventDate "2012.08.07"]
[EventType "swiss"]
[EventRounds "9"]
[EventCountry "ESP"]
[Source "lmi"]
[SourceDate "2012.08.07"]

1. d4 d5 2. c4 e6 3. Nf3 Nf6 4. Nc3 c6 5. Bg5 Nbd7 6. e3 Bd6 7. Qc2 Qa5 8. Nd2
O-O 9. Be2 dxc4 10. Bxf6 Nxf6 11. Nxc4 Qc7 12. Nxd6 Qxd6 13. O-O e5 14. Rfd1
Be6 15. Rac1 Rfd8 16. Na4 exd4 17. Rxd4 Qe7 18. Rxd8+ Rxd8 19. a3 Rd6 20. Nc5
Bd5 21. Bc4 b6 22. Bxd5 Rxd5 23. Nd3 Qe4 24. Ne1 Qxc2 25. Rxc2 c5 26. Kf1 Kf8
27. Ke2 Ke7 28. f3 Ne8 29. Nd3 Nc7 30. Rc4 Kd6 31. f4 f6 32. h3 1/2-1/2

[Event "7. Torneo de Promoción de Almansa 2012"]
[Site "Almansa ESP"]
[Date "2012.08.12"]
[Round "9.5"]
[White "Gil Quilez, David"]
[Black "Montoliu Cervero, Francisco"]
[Result "1/2-1/2"]
[WhiteElo "2179"]
[BlackElo "2270"]
[PlyCount "107"]
[EventDate "2012.08.07"]
[EventType "swiss"]
[EventRounds "9"]
[EventCountry "ESP"]
[Source "lmi"]
[SourceDate "2012.08.07"]

1. e4 c5 2. Nf3 d6 3. d4 cxd4 4. Nxd4 Nf6 5. Nc3 g6 6. f3 Bg7 7. Be3 Nc6 8. Qd2
O-O 9. O-O-O d5 10. Kb1 Rb8 11. Bf4 e5 12. Nxc6 bxc6 13. Bxe5 Nxe4 14. Qd4 c5
15. Qxe4 Rxb2+ 16. Ka1 dxe4 17. Rxd8 Rxd8 18. Bxg7 Rxc2 19. Bf6 Rd6 20. Kb1 Rf2
21. Bh4 Rb6+ 22. Kc1 Rfb2 23. fxe4 Be6 24. Bd8 R6b4 25. Ba5 Rb8 26. Bc7 R8b7
27. Ba6 R7b4 28. Ba5 Rxg2 29. Bxb4 cxb4 30. Nd5 Rxa2 31. Bd3 Bxd5 32. exd5 Ra5
33. Kb2 Rxd5 34. Bc4 Rf5 35. Ba6 Rf3 36. Ra1 Rh3 37. Bc4 Rxh2+ 38. Kb3 Rf2 39.
Kxb4 h5 40. Kc3 Kg7 41. Kd3 g5 42. Ke3 Rf6 43. Rxa7 g4 44. Ra5 Kh6 45. Be2 Rg6
46. Rf5 h4 47. Kf4 g3 48. Rh5+ Kg7 49. Bf3 g2 50. Bxg2 Rxg2 51. Rxh4 Ra2 52.
Rh1 Kf6 53. Rh6+ Kg7 54. Rb6 1/2-1/2

[Event "7. Torneo de Promoción de Almansa 2012"]
[Site "Almansa ESP"]
[Date "2012.08.12"]
[Round "9.6"]
[White "Montalban Galvez, Antoni"]
[Black "Sos Andreu, Eric"]
[Result "1-0"]
[WhiteElo "2204"]
[BlackElo "2165"]
[PlyCount "63"]
[EventDate "2012.08.07"]
[EventType "swiss"]
[EventRounds "9"]
[EventCountry "ESP"]
[Source "lmi"]
[SourceDate "2012.08.07"]

1. Nf3 c5 2. c4 Nf6 3. g3 g6 4. Bg2 Bg7 5. O-O O-O 6. d4 Nc6 7. d5 Na5 8. Nfd2
a6 9. Qc2 d6 10. Nc3 Rb8 11. b3 b5 12. Bb2 e5 13. dxe6 Bxe6 14. cxb5 axb5 15.
Nce4 Nd5 16. Bxg7 Kxg7 17. Rfd1 f5 18. Nc3 Nb4 19. Qb2 Qf6 20. Rab1 d5 21. a3
d4 22. Nce4 fxe4 23. Nxe4 Qe5 24. axb4 Bd5 25. Nxc5 Bxg2 26. Rxd4 Kg8 27. Kxg2
Nc6 28. Rd7 Qxb2 29. Rxb2 Nxb4 30. Rbd2 Rfc8 31. Ne4 Rc6 32. Re7 1-0

[Event "7. Torneo de Promoción de Almansa 2012"]
[Site "Almansa ESP"]
[Date "2012.08.12"]
[Round "9.7"]
[White "Piriz Fernandez, Daniel"]
[Black "Arias Igual, Alejandro"]
[Result "1-0"]
[WhiteElo "1971"]
[BlackElo "2150"]
[PlyCount "37"]
[EventDate "2012.08.07"]
[EventType "swiss"]
[EventRounds "9"]
[EventCountry "ESP"]
[Source "lmi"]
[SourceDate "2012.08.07"]

1. d4 d5 2. c4 dxc4 3. e3 c5 4. Bxc4 cxd4 5. exd4 e6 6. Nc3 Nf6 7. Nf3 Be7 8.
O-O O-O 9. Re1 Nc6 10. a3 a6 11. d5 exd5 12. Nxd5 Nxd5 13. Qxd5 Qb6 14. Bg5
Qxb2 15. Bxe7 Nxe7 16. Qd6 Ng6 17. Ng5 Qf6 18. Nxf7 Rxf7 19. Re8+ 1-0

[Event "7. Torneo de Promoción de Almansa 2012"]
[Site "Almansa ESP"]
[Date "2012.08.12"]
[Round "9.8"]
[White "Buendia Pinar, Alvaro"]
[Black "Sanchez Jerez, Emilio Miguel"]
[Result "1/2-1/2"]
[WhiteElo "2032"]
[BlackElo "2226"]
[PlyCount "107"]
[EventDate "2012.08.07"]
[EventType "swiss"]
[EventRounds "9"]
[EventCountry "ESP"]
[Source "lmi"]
[SourceDate "2012.08.07"]

1. d4 b5 2. e4 Bb7 3. Bd3 Nf6 4. Nd2 Nc6 5. d5 Nb4 6. Bxb5 c6 7. dxc6 dxc6 8.
Be2 Qb6 9. c3 Rd8 10. Qb3 Nd3+ 11. Bxd3 Rxd3 12. Qxb6 axb6 13. f3 Ba6 14. Nb3
e5 15. Ne2 Nd7 16. Kf2 Nc5 17. Be3 Na4 18. Rab1 Rd7 19. Nbc1 Be7 20. b3 Nc5 21.
c4 O-O 22. Nc3 f5 23. exf5 Rxf5 24. b4 Nd3+ 25. Nxd3 Rxd3 26. b5 cxb5 27. cxb5
Bb7 28. Ne2 Bh4+ 29. Ng3 Ra3 30. Rb2 e4 31. f4 g5 32. Ke2 Rxe3+ 33. Kxe3 gxf4+
34. Ke2 fxg3 35. hxg3 Bxg3 36. Rf1 Rxf1 37. Kxf1 Kf7 38. Ke2 Ke6 39. Rb1 h5 40.
Rb3 h4 41. a4 Kd5 42. Ra3 Kc4 43. Ra1 Bd5 44. a5 bxa5 45. Rxa5 Kb4 46. Ra1 Kxb5
47. Ke3 Kc5 48. Ra4 Bc4 49. Kxe4 Bd5+ 50. Kf5 Bxg2 51. Kg4 Bc6 52. Ra7 Kd6 53.
Rh7 Bd7+ 54. Rxd7+ 1/2-1/2

[Event "7. Torneo de Promoción de Almansa 2012"]
[Site "Almansa ESP"]
[Date "2012.08.12"]
[Round "9.9"]
[White "Diaz Rodriguez, Jose Antonio"]
[Black "Diez Fraile, David"]
[Result "1-0"]
[WhiteElo "2087"]
[BlackElo "2202"]
[PlyCount "75"]
[EventDate "2012.08.07"]
[EventType "swiss"]
[EventRounds "9"]
[EventCountry "ESP"]
[Source "lmi"]
[SourceDate "2012.08.07"]

1. e4 d5 2. exd5 Qxd5 3. Nc3 Qd6 4. Nb5 Qb6 5. d4 c6 6. Nc3 Nf6 7. Bc4 Bf5 8.
Nf3 e6 9. O-O Be7 10. Re1 O-O 11. Nh4 Bg4 12. Qd3 Nbd7 13. h3 Bh5 14. g4 Bg6
15. Nxg6 hxg6 16. Bg5 Rfe8 17. Bb3 Bd6 18. Ne2 Qc7 19. Bh4 Nd5 20. c4 Nf4 21.
Nxf4 Bxf4 22. Re2 g5 23. Bg3 Nf8 24. h4 gxh4 25. Bxh4 Ng6 26. Bc2 Nxh4 27. Qh7+
Kf8 28. Qxh4 g6 29. Qh7 Ke7 30. Bxg6 Kf6 31. Bh5 Rh8 32. Qe4 Rag8 33. Kf1 Rxh5
34. gxh5 Bh2 35. Qh4+ Kf5 36. Ree1 Rg4 37. Qh3 Qf4 38. f3 1-0

[Event "7. Torneo de Promoción de Almansa 2012"]
[Site "Almansa ESP"]
[Date "2012.08.12"]
[Round "9.10"]
[White "Sabater Sanchez, Asensio"]
[Black "Romero Berruezo, Francisco"]
[Result "0-1"]
[WhiteElo "2170"]
[BlackElo "2154"]
[PlyCount "86"]
[EventDate "2012.08.07"]
[EventType "swiss"]
[EventRounds "9"]
[EventCountry "ESP"]
[Source "lmi"]
[SourceDate "2012.08.07"]

1. c4 c5 2. g3 g6 3. Bg2 Bg7 4. Nc3 Nc6 5. Nf3 e5 6. O-O Nge7 7. Ne1 d6 8. Nc2
a6 9. a3 Rb8 10. Rb1 b5 11. cxb5 axb5 12. b4 c4 13. Ne3 O-O 14. a4 Nd4 15. a5
Bb7 16. Ned5 f5 17. e3 Ne6 18. d3 cxd3 19. Nxe7+ Qxe7 20. Bxb7 Qxb7 21. Qxd3
Ng5 22. Qd5+ Qxd5 23. Nxd5 Nf3+ 24. Kg2 e4 25. Rd1 Kf7 26. Nb6 Ke6 27. Bb2 Rf7
28. Bxg7 Rxg7 29. Rdc1 Ne5 30. Kf1 Rgb7 31. Ke2 g5 32. h3 h5 33. Rb3 Rh7 34.
Rbc3 Nd3 35. Rb1 h4 36. gxh4 Rxh4 37. Rc6 Rxh3 38. a6 Rh2 39. Nc8 Rxf2+ 40. Kd1
Rf1+ 41. Kc2 Rxb1 42. Kxb1 Nxb4 43. Rxd6+ Ke5 0-1

[Event "7. Torneo de Promoción de Almansa 2012"]
[Site "Almansa ESP"]
[Date "2012.08.12"]
[Round "9.11"]
[White "Barrios Munoz, Rafael Carlos"]
[Black "Mingarro Carceller, Sergi"]
[Result "0-1"]
[WhiteElo "2166"]
[BlackElo "2158"]
[PlyCount "106"]
[EventDate "2012.08.07"]
[EventType "swiss"]
[EventRounds "9"]
[EventCountry "ESP"]
[Source "lmi"]
[SourceDate "2012.08.07"]

1. d4 e6 2. Nf3 Nf6 3. Bg5 c5 4. e3 Qb6 5. Qc1 Nc6 6. c3 d5 7. Bd3 Bd7 8. O-O
Rc8 9. Bxf6 gxf6 10. Re1 f5 11. Nbd2 Bd6 12. dxc5 Bxc5 13. Nb3 Be7 14. Qd2 O-O
15. Qe2 e5 16. Bb5 e4 17. Nfd4 Nxd4 18. Nxd4 Be6 19. Red1 a6 20. Ba4 Qd6 21. g3
Qe5 22. Rd2 Rc5 23. Bb3 Rfc8 24. Rad1 b5 25. a3 Kh8 26. Nc2 a5 27. Kh1 Bf8 28.
Qh5 Be7 29. Nd4 b4 30. axb4 axb4 31. f4 Qf6 32. cxb4 Rc1 33. b5 Bb4 34. Rxc1
Rxc1+ 35. Rd1 Rc8 36. Qe2 Qe7 37. Nc6 Qc5 38. Kg2 Rc7 39. Rd4 Rxc6 40. bxc6 Ba5
41. Qc2 Qd6 42. Ra4 Bb6 43. Qc3+ d4 44. exd4 Bxb3 45. d5+ f6 46. Ra8+ Kg7 47.
Qxb3 Qc5 48. Rb8 Qf2+ 49. Kh3 Qf1+ 50. Kh4 Qe2 51. Rg8+ Kxg8 52. h3 Kg7 53. Qb4
Kg6 0-1

[Event "7. Torneo de Promoción de Almansa 2012"]
[Site "Almansa ESP"]
[Date "2012.08.12"]
[Round "9.12"]
[White "Varga, Mariano"]
[Black "Leon Varela, Luis"]
[Result "1-0"]
[WhiteElo "2103"]
[BlackElo "2165"]
[PlyCount "47"]
[EventDate "2012.08.07"]
[EventType "swiss"]
[EventRounds "9"]
[EventCountry "ESP"]
[Source "lmi"]
[SourceDate "2012.08.07"]

1. d4 Nf6 2. c4 e6 3. Nc3 Bb4 4. a3 Bxc3+ 5. bxc3 d5 6. cxd5 exd5 7. e3 O-O 8.
Bd3 b6 9. Ne2 Ba6 10. O-O Bxd3 11. Qxd3 Qc8 12. Ng3 Qa6 13. Qf5 Qc8 14. Qb1 Re8
15. f3 h5 16. Ra2 c5 17. Kh1 Nc6 18. Raf2 g6 19. e4 h4 20. Ne2 dxe4 21. fxe4
Nxe4 22. Rxf7 Qg4 23. Qa2 Qxe2 24. Rf8+ 1-0

[Event "7. Torneo de Promoción de Almansa 2012"]
[Site "Almansa ESP"]
[Date "2012.08.12"]
[Round "9.13"]
[White "Navarrete Espi, Samuel"]
[Black "Leon Acosta, Miguel"]
[Result "1/2-1/2"]
[WhiteElo "2176"]
[BlackElo "1985"]
[PlyCount "62"]
[EventDate "2012.08.07"]
[EventType "swiss"]
[EventRounds "9"]
[EventCountry "ESP"]
[Source "lmi"]
[SourceDate "2012.08.07"]

1. e4 Nf6 2. e5 Nd5 3. d4 d6 4. c4 Nb6 5. exd6 cxd6 6. Nc3 g6 7. Be3 Bg7 8. Rc1
Nc6 9. b3 O-O 10. d5 Ne5 11. Be2 f5 12. f4 Ng4 13. Bd4 e5 14. dxe6 Bxe6 15. Nf3
d5 16. c5 Nd7 17. Ng5 Re8 18. Bxg4 fxg4 19. O-O Bf5 20. Bxg7 Kxg7 21. Qxd5 Qe7
22. Rce1 Qxc5+ 23. Kh1 Qxd5 24. Nxd5 Rac8 25. Ne7 Rb8 26. Nxf5+ gxf5 27. Ne6+
Kf7 28. Nd4 Kf6 29. Nb5 Nc5 30. Rd1 Ne4 31. Rd7 a6 1/2-1/2

[Event "7. Torneo de Promoción de Almansa 2012"]
[Site "Almansa ESP"]
[Date "2012.08.12"]
[Round "9.14"]
[White "Grigoriev, Ivan"]
[Black "Berrocal, Jorge"]
[Result "1-0"]
[WhiteElo "2129"]
[BlackElo "2240"]
[PlyCount "48"]
[EventDate "2012.08.07"]
[EventType "swiss"]
[EventRounds "9"]
[EventCountry "ESP"]
[Source "lmi"]
[SourceDate "2012.08.07"]

1. g3 Nf6 2. Bg2 g6 3. f4 Bg7 4. Nf3 d6 5. O-O c5 6. d3 O-O 7. e4 Nc6 8. h3 Rb8
9. Nbd2 b5 10. a4 b4 11. Nc4 Ba6 12. Ne3 Nd4 13. Nh2 e6 14. g4 d5 15. e5 Nd7
16. g5 Re8 17. Nhg4 Re7 18. Nf6+ Kh8 19. h4 Nf8 20. Kf2 c4 21. Rh1 Rc8 22. h5
Rec7 23. dxc4 dxc4 24. hxg6 fxg6 1-0